| 000 | 00788cab a2200265 4500 | ||
|---|---|---|---|
| 001 | ABS55007 | ||
| 008 | 090401t1996 xxu||||| |||| 00| 0 eng d | ||
| 035 | _a(Sirsi) u13569 | ||
| 041 | _aeng | ||
| 100 | _aBarber, S. | ||
| 245 | _aResidential service charges | ||
| 260 | _c1996 | ||
| 350 | _a0 | ||
| 490 |
_aSolicitors` Journal _v140(15) 19 April 1996, 378-379(2) |
||
| 520 | _aOffers advice on the benefits and traps involved in sinking funds and payments in advance for both landlord and tenant. | ||
| 650 | _aLANDLORD AND TENANT ACT 1987 S42 | ||
| 650 | _aLEASES | ||
| 650 | _aPAYMENTS IN ADVANCE | ||
| 650 | _aSERVICE CHARGES | ||
| 650 | _aSINKING FUNDS | ||
| 650 | _aSINKING TRUST FUNDS | ||
| 690 |
_aLandlord and tenant _96252 |
||
| 942 | _n0 | ||
| 948 | _c04/03/1997 | ||
| 999 |
_c8740 _d8740 |
||